Foundations of statistical natural language processing

Na minha lista:
Detalhes bibliográficos
Autor principal: Manning, Christopher D
Outros Autores: Schütze,.Hinrich
Formato: Livro
Idioma:Undetermined
Publicado em: Cambridge, Mass MIT Press 1999
Assuntos:
Acesso em linha:http://lrc.tdmu.edu.vn/opac/search/detail.asp?aID=2&ID=41708
Tags: Adicionar Tag
Sem tags, seja o primeiro a adicionar uma tag!
Thư viện lưu trữ: Trung tâm Học liệu Trường Đại học Thủ Dầu Một
LEADER 00765nam a2200205Ia 4500
001 TDMU_41708
008 210410s9999 xx 000 0 und d
082 |a 678 
090 |b M107 
100 |a Manning, Christopher D 
245 0 |a Foundations of statistical natural language processing 
245 0 |c Christopher D. Manning, Hinrich Schütze 
260 |a Cambridge, Mass 
260 |b MIT Press 
260 |c 1999 
300 |a xxxvii, 680 p. 
650 |a Computational linguistics  |x Statistical methods; Ngôn ngữ học tính toán  |x Phương pháp thống kế 
700 |a Schütze,.Hinrich 
856 |u http://lrc.tdmu.edu.vn/opac/search/detail.asp?aID=2&ID=41708 
980 |a Trung tâm Học liệu Trường Đại học Thủ Dầu Một